000 00450nam a2200157Ia 4500
008 210210b1973 xxu||||| |||| 00| 0 eng d
082 _a327 MORP
100 _aMORGENTHAU (Hans J).
245 _aPolitics among nations: the struggle for power & peace.
250 _a
260 _aCalcutta
_bScientific Book Agency.
_c1973
300 _a617,xx
650 _aInternational relations theory
690 _aInternational Relations
906 _aSG00272
999 _c111721
_d111721